Mayores anotadores de la NBA - Estadísticas

Estadísticas generales
  • Esta prueba ha sido intentada 556 veces
  • La puntuación promedio es 11 de 15
Estadísticas de respuestas
Puntos Equipos Jugadores % Correcto
41.623 (Cleveland Cavaliers, Miami Heat, Los Angeles Lakers) LeBron James
100%
32.292 (Chicago Bulls, Washington Wizards) Michael Jordan
98%
33.643 (Los Angeles Lakers) Kobe Bryant
95%
38.387 (Milwaukee Bucks, Los Angeles Lakers) Kareem Abdul-Jabbar
93%
31.560 (Dallas Mavericks) Dirk Nowitzki
89%
29.974 (Seattle SuperSonics/Oklahoma City Thunder, Golden State Warriors, Brooklyn Nets, Phoenix Suns) Kevin Durant
88%
28.596 (Orlando Magic, Los Angeles Lakers, Miami Heat, Phoenix Suns, Cleveland Cavaliers, Boston Celtics) Shaquille O'Neal
84%
31.419 (Philadelphia/San Francisco Warriors, Philadelphia 76ers, Los Angeles Lakers) Wilt Chamberlain
76%
36.928 (Utah Jazz, Los Angeles Lakers) Karl Malone
75%
26.931 (Oklahoma City Thunder, Houston Rockets, Brooklyn Nets, Philadelphia 76ers, Los Angeles Clippers) James Harden
71%
27.409 (Buffalo Braves, Houston Rockets, Philadelphia 76ers, Washington Bullets, Atlanta Hawks, Milwaukee Bucks, San Antonio Spurs) Moses Malone
68%
26.946 (Houston Rockets, Toronto Raptors) Hakeem Olajuwon
46%
28.289 (Denver Nuggets, New York Knicks, Oklahoma City Thunder, Houston Rockets, Portland Trail Blazers) Carmelo Anthony
41%
26.710 (Cincinnati Royals, Milwaukee Bucks) Oscar Robertson
40%
27.313 San Diego/Houston Rockets, Baltimore/Capital/Washington Bullets) Elvin Hayes
6%
No se encontraron pruebas coincidentes
Distribución de puntuación
Porcentaje de gente con cada puntuación
Porcentaje por número respondido
Historial de tus puntuaciones
No has intentado esta prueba.